000 00533nam a2200181Ia 4500
003 GCL
008 140319s9999 xx 000 0 ara d
040 _aGCL /
_cGCL
082 0 4 _a891.7
_bت ح
100 1 _aادوار الخراط
245 1 0 _aالحرب والسلام (الكتاب الاول) /
_cادوار الخراط
700 1 _aتولستوى، ليو
300 _a286
490 _aادب الحرب
_v0
650 0 4 _aالحرب والادب
650 0 4 _aالادب الروسى المترجم
942 _2ddc
_cBK
999 _c38870
_d38870